[Event "Hessenliga 0607"]
[Site "Germany"]
[Date "2006.10.29"]
[Round "3.1"]
[White "Elstner, Eik"]
[Black "Arold, Hans Martin"]
[Result "1/2-1/2"]
[WhiteElo "2088"]
[BlackElo "2222"]
[PlyCount "113"]
[EventDate "2006.09.17"]
[EventType "team-tourn"]
[EventRounds "9"]
[EventCountry "GER"]
[SourceTitle "EXT 2008"]
[Source "ChessBase"]
[SourceDate "2007.11.25"]
[SourceVersion "1"]
[SourceVersionDate "2007.11.25"]
[SourceQuality "1"]
[WhiteTeam "Eppstein"]
[BlackTeam "Frankfurt BvK II"]
[WhiteTeamCountry "GER"]
[BlackTeamCountry "GER"]

1. d4 Nf6 2. Nf3 c5 3. c3 b6 4. g3 Bb7 5. Bg2 g6 6. 0-0 Bg7 7. Nbd2 Qc7 8. b3 Ne4 9. Bb2 0-0 10. Rc1 Bh6 11. e3 d6 12. c4 Nxd2 13. Qxd2 Be4 14. d5 Nd7 15. h4 Rae8 16. Rcd1 Qb7 17. Ng5 Bxg2 18. Kxg2 e5 19. f4 Bxg5 20. hxg5 f6 21. gxf6 Rxf6 22. a4 Qc8 23. fxe5 Rxf1 24. Rxf1 dxe5 25. Qe2 Qd8 26. Qg4 Qe7 27. e4 Kg7 28. Bc1 h5 29. Qh3 Nf8 30. g4 Qd7 31. gxh5 Qxh3+ 32. Kxh3 gxh5 33. Rf5 Nd7 34. Rxh5 Nf6 35. Rh4 Kg6 36. Rh6+ Kf7 37. Rh4 Rg8 38. Bb2 Rg5 39. Kh2 Rg6 40. Bc3 Rg8 41. Be1 Rg7 42. Bg3 Rg5 43. Kh3 Kg7 44. Kh2 Kf7 45. Kh3 Kg7 46. d6 Kf7 47. Rh6 Nd7 48. Rh7+ Ke6 49. Rh6+ Kf7 50. Kh4 Rg6 51. Rxg6 Kxg6 52. Kg4 Kf6 53. Bh4+ Ke6 54. Bg5 Nb8 55. Bd2 Nc6 56. Bc3 a5 57. d7 1/2-1/2

[Event "Hessenliga 0607"]
[Site "Germany"]
[Date "2006.09.17"]
[Round "1.1"]
[White "Feldtmann, Thomas"]
[Black "Arold, Hans Martin"]
[Result "0-1"]
[WhiteElo "2244"]
[BlackElo "2222"]
[PlyCount "100"]
[EventDate "2006.09.17"]
[EventType "team-tourn"]
[EventRounds "9"]
[EventCountry "GER"]
[SourceTitle "EXT 2008"]
[Source "ChessBase"]
[SourceDate "2007.11.25"]
[SourceVersion "1"]
[SourceVersionDate "2007.11.25"]
[SourceQuality "1"]
[WhiteTeam "Marburg"]
[BlackTeam "Frankfurt BvK II"]
[WhiteTeamCountry "GER"]
[BlackTeamCountry "GER"]

1. c4 Nc6 2. Nc3 Nf6 3. Nf3 e5 4. e3 Bb4 5. Qc2 0-0 6. Nd5 Bc5 7. Bd3 h6 8. a3 a5 9. b3 d6 10. Nxf6+ Qxf6 11. Be4 Ne7 12. Bb2 Bf5 13. d4 exd4 14. Nxd4 Bxd4 15. Bxd4 Qg6 16. Bxf5 Nxf5 17. Bb2 Qxg2 18. 0-0-0 Qf3 19. Rhg1 g6 20. Rd5 Ne7 21. Rd4 Qf5 22. Qd2 Qe6 23. Rh4 Kh7 24. e4 Ng8 25. Qd4 f6 26. Rhg4 Ne7 27. f4 c5 28. Qc3 Rf7 29. Rxg6 Rg8 30. Rxg8 Nxg8 31. Qg3 Ne7 32. Qd3 f5 33. Qc3 Ng6 34. h4 Qxe4 35. Qg3 Qxf4+ 36. Qxf4 Nxf4 37. Rd1 a4 38. Rxd6 axb3 39. Kd1 Ng2 40. Bc1 f4 41. h5 b2 42. Bxb2 Ne3+ 43. Kc1 Nxc4 44. Rf6 Rxf6 45. Bxf6 Nxa3 46. Be7 b6 47. Bd8 Nc4 48. Kd1 Ne3+ 49. Kd2 Nd5 50. Kd3 f3 0-1

[Event "Oberliga Ost-B 0405"]
[Site "Germany"]
[Date "2004.11.28"]
[Round "4.6"]
[White "Arold, Hans Martin"]
[Black "Boehmer, Christian"]
[Result "1/2-1/2"]
[WhiteElo "2220"]
[BlackElo "2080"]
[PlyCount "55"]
[EventDate "2004.10.10"]
[EventType "team-tourn"]
[EventRounds "11"]
[EventCountry "GER"]
[SourceTitle "EXT 2006"]
[Source "ChessBase"]
[SourceDate "2005.11.24"]
[SourceVersion "1"]
[SourceVersionDate "2005.11.24"]
[SourceQuality "1"]
[WhiteTeam "Frankfurt BvK"]
[BlackTeam "Moerlenbach"]
[WhiteTeamCountry "GER"]
[BlackTeamCountry "GER"]

1. e4 c5 2. Nc3 Nc6 3. f4 e6 4. Nf3 d6 5. Bc4 Nf6 6. d3 Be7 7. 0-0 a6 8. a4 0-0 9. Kh1 Rb8 10. Bd2 d5 11. Ba2 b5 12. Ne5 Bb7 13. axb5 axb5 14. Nxc6 Bxc6 15. e5 Ne8 16. Bb1 g6 17. d4 cxd4 18. Ne2 d3 19. Nd4 dxc2 20. Qxc2 Bb7 21. f5 exf5 22. Bh6 Qb6 23. Nxf5 gxf5 24. Bxf8 Bxf8 25. Qxf5 Qg6 26. Qh3 Qh6 27. Qf5 Qg6 28. Qh3 1/2-1/2

[Event "Oberliga Ost-B 0405"]
[Site "Germany"]
[Date "2004.11.13"]
[Round "2.6"]
[White "Arold, Hans Martin"]
[Black "Regis, Georg"]
[Result "1-0"]
[WhiteElo "2220"]
[BlackElo "2129"]
[PlyCount "37"]
[EventDate "2004.10.10"]
[EventType "team-tourn"]
[EventRounds "11"]
[EventCountry "GER"]
[SourceTitle "EXT 2006"]
[Source "ChessBase"]
[SourceDate "2005.11.24"]
[SourceVersion "1"]
[SourceVersionDate "2005.11.24"]
[SourceQuality "1"]
[WhiteTeam "Frankfurt BvK"]
[BlackTeam "Wiesbaden Dotzheim"]
[WhiteTeamCountry "GER"]
[BlackTeamCountry "GER"]

1. e4 e6 2. c4 c5 3. Nc3 Nc6 4. Nf3 Nge7 5. d4 cxd4 6. Nb5 d6 7. Nfxd4 a6 8. Nxe6 Qa5+ 9. Bd2 Nb4 10. Nxd6+ Kd7 11. Nxb7 Qb6 12. Bxb4+ Kxe6 13. Nc5+ Kf6 14. Qf3+ Nf5 15. Bc3+ Ke7 16. exf5 Qxc5 17. Qe4+ Kd8 18. 0-0-0+ Kc7 19. Be5+ 1-0

[Event "Hessenliga 0304"]
[Site "Germany"]
[Date "2004.01.25"]
[Round "5.4"]
[White "Rohde, Torsten"]
[Black "Arold, Hans Martin"]
[Result "0-1"]
[WhiteElo "2144"]
[BlackElo "2171"]
[PlyCount "84"]
[EventDate "2003.10.??"]
[EventType "team-tourn"]
[EventRounds "9"]
[EventCountry "GER"]
[SourceTitle "EXT 2005"]
[Source "ChessBase"]
[SourceDate "2004.11.15"]
[SourceVersion "1"]
[SourceVersionDate "2004.11.15"]
[SourceQuality "1"]
[WhiteTeam "Baunatal"]
[BlackTeam "Frankfurt BvK"]
[WhiteTeamCountry "GER"]
[BlackTeamCountry "GER"]

1. e4 Nc6 2. d4 e5 3. dxe5 Nxe5 4. f4 Ng6 5. Bc4 Nf6 6. e5 Ng8 7. Nf3 Nh6 8. 0-0 Bc5+ 9. Kh1 0-0 10. Nc3 a6 11. Ne4 Qe7 12. Qe2 b5 13. Nxc5 Qxc5 14. Bb3 Bb7 15. Be3 Qe7 16. a4 Nh4 17. Nxh4 Qxh4 18. f5 Ng4 19. Bf4 Rae8 20. Kg1 Nxe5 21. Bxe5 d6 22. Qe1 Qxe1 23. Rfxe1 dxe5 24. axb5 axb5 25. Ra7 Bc8 26. Rxc7 Bxf5 27. Rb7 g6 28. Rxb5 e4 29. Kf2 Rd8 30. Ke3 Rd7 31. Rd5 Rb7 32. Rd2 Kg7 33. Kf4 Rb4 34. Re3 Re8 35. g4 Bc8 36. Bd5 Rxb2 37. Rxe4 Rxe4+ 38. Bxe4 Rb4 39. c3 Rc4 40. Rd4 Rxc3 41. Bf3 g5+ 42. Kg3 Bb7 0-1

[Event "Hessenliga 0304"]
[Site "Germany"]
[Date "2003.12.07"]
[Round "4.5"]
[White "Erwes, Theo"]
[Black "Arold, Hans Martin"]
[Result "1-0"]
[WhiteElo "2118"]
[BlackElo "2171"]
[PlyCount "149"]
[EventDate "2003.10.??"]
[EventType "team-tourn"]
[EventRounds "9"]
[EventCountry "GER"]
[SourceTitle "EXT 2005"]
[Source "ChessBase"]
[SourceDate "2004.11.15"]
[SourceVersion "1"]
[SourceVersionDate "2004.11.15"]
[SourceQuality "1"]
[WhiteTeam "Limburg"]
[BlackTeam "Frankfurt BvK"]
[WhiteTeamCountry "GER"]
[BlackTeamCountry "GER"]

1. Nf3 Nf6 2. d4 c5 3. e3 e6 4. Bd3 Nc6 5. c3 Qc7 6. 0-0 d5 7. Nbd2 Be7 8. b3 0-0 9. Bb2 e5 10. dxe5 Nxe5 11. Nxe5 Qxe5 12. Nf3 Qh5 13. c4 Rd8 14. Ne5 Qxd1 15. Raxd1 Be6 16. h3 Ne4 17. cxd5 Bxd5 18. Bc4 Bxc4 19. Nxc4 b5 20. Na5 Rxd1 21. Rxd1 Rd8 22. Rxd8+ Bxd8 23. Nc6 Bb6 24. Ne7+ Kf8 25. Nd5 f6 26. f3 Nd6 27. Nxb6 axb6 28. Kf2 b4 29. Ke2 Ke7 30. g4 g6 31. e4 Ke6 32. Kd3 f5 33. exf5+ gxf5 34. g5 f4 35. h4 b5 36. Bf6 h5 37. Bd8 Nf7 38. Bb6 Kd5 39. Bc7 c4+ 40. Kc2 Nh8 41. Bxf4 Kd4 42. Bd6 Ng6 43. Bxb4 cxb3+ 44. Kxb3 Nxh4 45. Be1 Nf5 46. g6 Kd5 47. Kb4 Kc6 48. Bc3 h4 49. g7 Ne7 50. Be5 h3 51. Bh2 Nd5+ 52. Kb3 Nf6 53. Be5 Ng8 54. Kb4 Ne7 55. Bh2 Nd5+ 56. Kb3 Nf6 57. f4 Kc5 58. f5 Ng8 59. Bg3 b4 60. Bh2 Kb5 61. Be5 Ka5 62. f6 h2 63. Bxh2 Nxf6 64. Be5 Ng8 65. Bd6 Kb5 66. Bxb4 Nf6 67. a4+ Kc6 68. Kc4 Ng8 69. Kd4 Kd7 70. a5 Nh6 71. Ke5 Nf7+ 72. Kf6 Nh6 73. Kg6 Ng8 74. Kf7 Nh6+ 75. Kf8 1-0

[Event "Hessenliga 0304"]
[Site "Germany"]
[Date "2003.09.28"]
[Round "1.5"]
[White "Arold, Hans Martin"]
[Black "Schlein, Julia"]
[Result "1-0"]
[WhiteElo "2171"]
[BlackElo "2112"]
[PlyCount "59"]
[EventDate "2003.10.??"]
[EventType "team-tourn"]
[EventRounds "9"]
[EventCountry "GER"]
[SourceTitle "EXT 2005"]
[Source "ChessBase"]
[SourceDate "2004.11.15"]
[SourceVersion "1"]
[SourceVersionDate "2004.11.15"]
[SourceQuality "1"]
[WhiteTeam "Frankfurt BvK"]
[BlackTeam "Steinbach"]
[WhiteTeamCountry "GER"]
[BlackTeamCountry "GER"]

1. e4 d5 2. exd5 Qxd5 3. Nc3 Qa5 4. d4 Bf5 5. Nf3 Nf6 6. Bd2 c6 7. Bc4 e6 8. 0-0 Qc7 9. Re1 Be7 10. Ne2 Nbd7 11. Bf4 Bd6 12. Bxd6 Qxd6 13. Ng3 Bg6 14. c3 0-0-0 15. a4 h5 16. h4 Ng4 17. Qc1 e5 18. Qg5 Rde8 19. Nf5 Bxf5 20. Qxf5 g6 21. Qd3 Qf6 22. Re2 Re7 23. Ng5 Rhe8 24. Ne4 Qxh4 25. Qh3 Qxh3 26. gxh3 exd4 27. Nd6+ Kd8 28. Nxe8 Nge5 29. Nd6 Nb6 30. Rxe5 1-0

[Event "Hessenliga 0203"]
[Site "Germany"]
[Date "2003.02.16"]
[Round "7.3"]
[White "Arold, Hans Martin"]
[Black "Mai, Philipp"]
[Result "1-0"]
[WhiteElo "2171"]
[BlackElo "2290"]
[PlyCount "62"]
[EventDate "2002.10.??"]
[EventType "team-tourn"]
[EventRounds "9"]
[EventCountry "GER"]
[SourceTitle "EXT 2004"]
[Source "ChessBase"]
[SourceDate "2003.11.25"]
[SourceVersion "1"]
[SourceVersionDate "2003.11.25"]
[SourceQuality "1"]
[WhiteTeam "Frankfurt BvK"]
[BlackTeam "Baunatal"]
[WhiteTeamCountry "GER"]
[BlackTeamCountry "GER"]

1. e4 c5 2. Nc3 Nc6 3. f4 g6 4. Nf3 Bg7 5. Bb5 Nd4 6. Bd3 d6 7. Nxd4 cxd4 8. Ne2 Nf6 9. Nxd4 Nxe4 10. Bxe4 Bxd4 11. Qf3 Qb6 12. a4 a5 13. Ra3 0-0 14. Rb3 Qc7 15. c3 Bb6 16. f5 d5 17. Bc2 Bd7 18. fxg6 hxg6 19. Qxd5 Be6 20. Qg5 Bxb3 21. Bxb3 Qd6 22. Rf1 Kg7 23. d4 Qxh2 24. Bf4 f6 25. Qd5 Qh5 26. Qxb7 Ba7 27. Qxe7+ Kh8 28. Be5 Qh4+ 29. Kd1 Qh5+ 30. g4 Qxg4+ 31. Kc1 fxe5 1-0